• 首页
  • 本馆介绍
  • 公告通知
  • 最新文献
  • 馆藏检索
  • 电子资源
  • 读者导购
  • 参考咨询
  • 我的图书馆
  • 登录
  • 详细信息显示
  • 放入我的书架
  • 预约/预借图书
  • 作者相关作品
  • 分类相关作品
  • 丛书相关作品
  • 出版社相关作品

书目信息

  • 表格格式
  • 工作单格式
  • 卡片格式
题名:
公共服务视野下的行政法
    
 
作者: 贺林波 , 李燕凌 著
分册:  
出版信息: 北京   人民出版社  2013
页数: 341页
开本: 24cm
丛书名:
单 册:
中图分类: D922.104
科图分类:
主题词: 行政法--Hang Zheng Fa--研究--中国
电子资源:
ISBN: 978-7-01-011872-7
000 01265nam0 22002531 450
001 350174
005 20161008165317.29
010    @a978-7-01-011872-7@dCNY56.00
100    @a20130722d2013 em y0chiy50 ea
101 0  @achi
102    @aCN@b110000
105    @ay z 000yy
106    @ar
200 1  @a公共服务视野下的行政法@AGong Gong Fu Wu Shi Ye Xia De Hang Zheng Fa@dAdministrative law from the perspective of public service@f贺林波,李燕凌著@zeng
210    @a北京@c人民出版社@d2013
215    @a341页@d24cm
330    @a本书从公共管理的视角,将行政行为视为行政组织提供公共服务或公共品的行政过程,并以此为依据研究行政组织在行政过程中所应当遵循的行政法律,打破了传统的行政法学研究中以行政法律关系为核心的理论框架,将传统行政法学研究中忽视的许多行政行为,比如行政决策、行政执行、行政预算、行政人事和行政绩效等纳入到行政法学的研究中,使得行政法学的研究更具现实性和针对性,使得行政法学研究更加贴合行政主体在行政职能实现过程中依法行政的现实需求。
510 1  @aAdministrative law from the perspective of public service@zeng
606 0  @a行政法@AHang Zheng Fa@x研究@y中国
690    @aD922.104@v5
701  0 @a贺林波@AHe Lin Bo@4著
701  0 @a李燕凌@ALi Yan Ling@f(1964~)@4著
801  0 @aCN@bTANGWEI@c20160803
905    @b0888695-9@dD922.104@e1287@f5
    
    公共服务视野下的行政法=Administrative law from the perspective of public service/贺林波,李燕凌著.-北京:人民出版社,2013
    341页;24cm
    
    
    ISBN 978-7-01-011872-7:CNY56.00
    本书从公共管理的视角,将行政行为视为行政组织提供公共服务或公共品的行政过程,并以此为依据研究行政组织在行政过程中所应当遵循的行政法律,打破了传统的行政法学研究中以行政法律关系为核心的理论框架,将传统行政法学研究中忽视的许多行政行为,比如行政决策、行政执行、行政预算、行政人事和行政绩效等纳入到行政法学的研究中,使得行政法学的研究更具现实性和针对性,使得行政法学研究更加贴合行政主体在行政职能实现过程中依法行政的现实需求。
●
相关链接 在E读中查询图书 在五车中查询图书 在当当中查询图书 在豆瓣中查询图书


正题名:公共服务视野下的行政法     索取号:D922.104/1287         预约/预借

序号 登录号 条形码 馆藏地/架位号 状态 备注
1 0888695   208886954   第一样本阅览室/ [索取号:D922.104/1287] 在馆    
2 0888696   208886963   密集书库-史法系/ [索取号:D922.104/1287] 在馆    
3 0888697   208886972   第一借阅区/ [索取号:D922.104/1287] 在馆    
4 0888698   208886981   第一借阅区/ [索取号:D922.104/1287] 在馆    
5 0888699   208886990   第一借阅区/ [索取号:D922.104/1287] 在馆    
唐山师范学院图书馆 欢迎您!
大连网信软件有限公司© 版权所有